[Event "Groningen op"]
[Site "Groningen"]
[Date "1998.12.29"]
[Round "9"]
[White "Wapner, Jonathan"]
[Black "Schlosser, Philipp"]
[Result "0-1"]
[WhiteElo "2325"]
[BlackElo "2505"]
[PlyCount "94"]
[EventDate "1998.12.??"]
[EventType "swiss"]
[EventRounds "11"]
[EventCountry "NED"]
[SourceTitle "EXT 2000"]
[Source "ChessBase"]
[SourceDate "1999.11.16"]
[SourceVersion "1"]
[SourceVersionDate "1999.11.16"]
[SourceQuality "1"]

1. e4 c5 2. Nf3 e6 3. Nc3 a6 4. g3 b5 5. Bg2 Bb7 6. d3 d6 7. 0-0 Be7 8. Ne1 Nc6 9. f4 Nf6 10. f5 exf5 11. Rxf5 0-0 12. Rf1 Re8 13. Nf3 b4 14. Nd5 Nxd5 15. exd5 Nb8 16. Nd2 Nd7 17. c4 bxc3 18. bxc3 Rb8 19. Nc4 Nb6 20. Nxb6 Qxb6 21. Be4 Rf8 22. g4 Bc8 23. g5 Qd8 24. h4 g6 25. Be3 Bh3 26. Rf2 Qd7 27. Kh2 f6 28. Qf3 Bg4 29. Qg3 fxg5 30. Rg2 h5 31. Bxg5 Bxg5 32. hxg5 Kg7 33. Rf2 Rxf2+ 34. Qxf2 Qe7 35. Rf1 Qxg5 36. d4 Qe7 37. Bg2 Rf8 38. Qxf8+ Qxf8 39. Rxf8 Kxf8 40. dxc5 dxc5 41. Kg3 g5 42. c4 Bf5 43. d6 Kf7 44. Bd5+ Kf6 45. a4 a5 46. Bc6 Ke6 47. d7 Ke7 0-1

[Event "Budapest FS02 GM"]
[Site "Budapest"]
[Date "1997.??.??"]
[Round "5"]
[White "Siegel, Georg"]
[Black "Wapner, Jonathan"]
[Result "1-0"]
[WhiteElo "2480"]
[BlackElo "2290"]
[PlyCount "87"]
[EventDate "1997.02.??"]
[EventType "tourn"]
[EventRounds "11"]
[EventCountry "HUN"]
[EventCategory "7"]
[SourceTitle "CBM 056 Extra"]
[Source "ChessBase"]
[SourceDate "1997.03.01"]
[SourceVersion "1"]
[SourceVersionDate "1997.03.01"]
[SourceQuality "1"]

1. Nf3 Nf6 2. c4 g6 3. Nc3 d5 4. cxd5 Nxd5 5. e4 Nxc3 6. dxc3 Qxd1+ 7. Kxd1 f6 8. Be3 e5 9. Bc4 Nd7 10. Ke2 Bc5 11. Rad1 Bxe3 12. Kxe3 Ke7 13. Ne1 Nc5 14. h4 Be6 15. Bxe6 Nxe6 16. Nd3 Rad8 17. h5 c6 18. g3 g5 19. Rd2 Rd7 20. Rhd1 Rhd8 21. b4 Ke8 22. Nb2 Rxd2 23. Rxd2 Rxd2 24. Kxd2 b5 25. Nd1 Ng7 26. h6 Ne6 27. Ne3 Kd7 28. Nf5 Nd8 29. c4 Nf7 30. Kd3 Nd6 31. Ne3 Nf7 32. cxb5 Nxh6 33. bxc6+ Kxc6 34. a4 Nf7 35. g4 Nd6 36. Nd5 Ne8 37. f3 h6 38. Kc3 a6 39. Kd3 a5 40. bxa5 Nd6 41. a6 Ne8 42. Kc4 Nd6+ 43. Kb4 Ne8 44. a5 1-0

[Event "Budapest FS02 GM"]
[Site "Budapest"]
[Date "1997.??.??"]
[Round "3"]
[White "Wapner, Jonathan"]
[Black "Somlai, Laszlo"]
[Result "1-0"]
[WhiteElo "2290"]
[BlackElo "2360"]
[PlyCount "61"]
[EventDate "1997.02.??"]
[EventType "tourn"]
[EventRounds "11"]
[EventCountry "HUN"]
[EventCategory "7"]
[SourceTitle "CBM 056 Extra"]
[Source "ChessBase"]
[SourceDate "1997.03.01"]
[SourceVersion "1"]
[SourceVersionDate "1997.03.01"]
[SourceQuality "1"]

1. e4 e6 2. d4 d5 3. Nd2 Nf6 4. e5 Nfd7 5. c3 c5 6. Bd3 Nc6 7. Ngf3 g6 8. h4 Qb6 9. h5 g5 10. Nxg5 cxd4 11. cxd4 Nxd4 12. Ndf3 h6 13. Nxf7 Kxf7 14. Nxd4 Nxe5 15. Nf3 Bg7 16. Rh4 Bd7 17. Qe2 Nc6 18. Rf4+ Ke7 19. Nh4 Ne5 20. Bd2 Rac8 21. Rb4 Qc7 22. f4 Nxd3+ 23. Qxd3 Be8 24. Qa3 Kd8 25. Qxa7 Bxh5 26. Rxb7 Qc4 27. Nf3 Bf6 28. Qb6+ Rc7 29. Qd6+ Kc8 30. Rxc7+ Qxc7 31. Rc1 1-0

[Event "Bled op 17th"]
[Site "Bled"]
[Date "1996.??.??"]
[Round "8"]
[White "Basagic, Zlatko"]
[Black "Wapner, Jonathan"]
[Result "1/2-1/2"]
[WhiteElo "2360"]
[BlackElo "2235"]
[PlyCount "105"]
[EventDate "1996.03.??"]
[EventType "swiss"]
[EventRounds "9"]
[EventCountry "SLO"]
[SourceTitle "CBM 051 Extra"]
[Source "ChessBase"]
[SourceDate "1996.05.01"]
[SourceVersion "1"]
[SourceVersionDate "1996.05.01"]
[SourceQuality "1"]

1. e4 c5 2. Nf3 d6 3. Bb5+ Bd7 4. Bxd7+ Qxd7 5. c4 Nc6 6. Nc3 Nf6 7. 0-0 g6 8. a3 Bg7 9. Rb1 0-0 10. b4 b6 11. d3 Nh5 12. Bd2 f5 13. exf5 Qxf5 14. b5 Nd8 15. Ne4 Ne6 16. Nh4 Qf7 17. g3 Bd4 18. Bh6 Bg7 19. Bxg7 Nhxg7 20. f4 Nf5 21. Nxf5 gxf5 22. Nc3 Nd4 23. Qd2 h5 24. Rbe1 Rae8 25. Qg2 e6 26. a4 Kh7 27. a5 bxa5 28. Ra1 Rg8 29. Rxa5 h4 30. Kf2 Re7 31. Ra6 Rd7 32. Qh3 Qh5 33. Qxh4 Qxh4 34. gxh4 Rg4 35. Ne2 Rxh4 36. Nxd4 cxd4 37. Kg3 Rg4+ 38. Kf3 Rgg7 39. Re1 Rge7 40. c5 dxc5 41. Raxe6 Rxe6 42. Rxe6 Rb7 43. Re5 Rxb5 44. Rxf5 Kg6 45. Ke4 a5 46. Rd5 a4 47. Rd6+ Kg7 48. Ra6 Rb2 49. Rxa4 Rxh2 50. Kd5 Rd2 51. Kxc5 Rxd3 52. Rxd4 Rxd4 53. Kxd4 1/2-1/2

[Event "Bled op 17th"]
[Site "Bled"]
[Date "1996.??.??"]
[Round "4"]
[White "Mikac, Matjaz"]
[Black "Wapner, Jonathan"]
[Result "1/2-1/2"]
[WhiteElo "2440"]
[BlackElo "2235"]
[PlyCount "56"]
[EventDate "1996.03.??"]
[EventType "swiss"]
[EventRounds "9"]
[EventCountry "SLO"]
[SourceTitle "CBM 051 Extra"]
[Source "ChessBase"]
[SourceDate "1996.05.01"]
[SourceVersion "1"]
[SourceVersionDate "1996.05.01"]
[SourceQuality "1"]

1. d4 d5 2. Nf3 c6 3. c4 Nf6 4. e3 Bg4 5. Nc3 e6 6. h3 Bxf3 7. Qxf3 Bd6 8. Bd3 0-0 9. 0-0 Nbd7 10. Rd1 Qe7 11. Bd2 Rfe8 12. Bf1 h6 13. Rac1 Rad8 14. a3 Bb8 15. g3 dxc4 16. Bxc4 e5 17. Ba2 Nf8 18. dxe5 Bxe5 19. Be1 Ne6 20. Qf5 Bc7 21. Ne4 Nxe4 22. Qxe4 Rxd1 23. Rxd1 Nf8 24. Qf3 Be5 25. Bb4 Qf6 26. Qxf6 Bxf6 27. Bxf8 Kxf8 28. Rd7 Re7 1/2-1/2

[Event "ISR-chT"]
[Site "Israel"]
[Date "1996.??.??"]
[Round "2"]
[White "Wapner, Jonathan"]
[Black "Blodstein, Boris"]
[Result "1-0"]
[WhiteElo "2235"]
[BlackElo "2195"]
[PlyCount "159"]
[EventDate "1996.??.??"]
[EventType "team"]
[EventRounds "11"]
[EventCountry "ISR"]
[SourceTitle "CBM 052 Extra"]
[Source "ChessBase"]
[SourceDate "1996.07.01"]
[SourceVersion "1"]
[SourceVersionDate "1996.07.01"]
[SourceQuality "1"]

1. e4 c5 2. Nf3 d6 3. d4 cxd4 4. Nxd4 Nf6 5. Nc3 g6 6. Be3 Bg7 7. f3 0-0 8. Qd2 Nc6 9. 0-0-0 Nxd4 10. Bxd4 Be6 11. Kb1 Qc7 12. g4 Rfc8 13. h4 Qa5 14. Qg5 Qxg5 15. hxg5 Nd7 16. Bxg7 Kxg7 17. Rh4 f6 18. gxf6+ Nxf6 19. g5 Nd7 20. Nb5 Bc4 21. Nd4 Bxf1 22. Rxf1 e5 23. Nb5 Rc6 24. Rd1 Nc5 25. Rdh1 Rh8 26. Nxa7 Ra6 27. Nb5 Ne6 28. Rg4 Rf8 29. Rg3 Rfa8 30. a3 Rc6 31. Rh2 Ra5 32. Nc3 Nf4 33. Rg4 Ra8 34. Rgh4 Rh8 35. Nd5 Ne6 36. Rg4 Rf8 37. Rg3 Rcc8 38. c3 Rf7 39. Rhh3 Rcf8 40. Kc2 Rc8 41. Kd2 Rcf8 42. Ke2 Rd8 43. Rh1 Rdf8 44. a4 Ra8 45. b3 Raf8 46. b4 Rc8 47. Kd2 Rcf8 48. Ke2 Rc8 49. a5 Kh8 50. Kd2 Rcf8 51. Rf1 Kg7 52. Kc2 Rh8 53. Kb3 Rhf8 54. Ka4 Rc8 55. Kb5 Nf4 56. Rd1 Ne2 57. Rh3 Kf8 58. Rd3 Rc6 59. Re3 Nf4 60. Nxf4 exf4 61. Rd3 Rfc7 62. c4 Kg7 63. Rd4 Rf7 64. Rh1 Re7 65. Rhd1 Re5+ 66. Rd5 Rc7 67. Rxe5 dxe5 68. Rd5 Re7 69. Kb6 h5 70. gxh6+ Kxh6 71. b5 g5 72. c5 g4 73. fxg4 Kg5 74. a6 bxa6 75. bxa6 f3 76. a7 Re8 77. c6 Kf4 78. c7 Kxe4 79. Rd1 f2 80. Kb7 1-0

[Event "Biel MTO op"]
[Site "Biel"]
[Date "1996.??.??"]
[Round "1"]
[White "Wapner, Jonathan"]
[Black "Sturua, Zurab"]
[Result "0-1"]
[WhiteElo "2295"]
[BlackElo "2560"]
[PlyCount "44"]
[EventDate "1996.07.??"]
[EventType "swiss"]
[EventRounds "11"]
[EventCountry "SUI"]
[SourceTitle "EXT 1998"]
[Source "ChessBase"]
[SourceDate "1997.11.17"]
[SourceVersion "1"]
[SourceVersionDate "1997.11.17"]
[SourceQuality "1"]

1. e4 g6 2. d4 Bg7 3. Nc3 d6 4. Bg5 c6 5. Qd2 Nd7 6. f4 b5 7. Nf3 Nb6 8. Bd3 Bg4 9. 0-0 Bxf3 10. Rxf3 Bxd4+ 11. Kh1 Bg7 12. e5 d5 13. f5 Bxe5 14. Re1 Qd6 15. Rxe5 Qxe5 16. Re3 Qd6 17. Bf4 Qd7 18. Be5 f6 19. fxg6 hxg6 20. Bxg6+ Kd8 21. Bg3 Nc4 22. Qd3 Nxe3 0-1

[Event "Tel Aviv "]
[Site "Tel Aviv "]
[Date "1995.??.??"]
[Round "?"]
[White "Wapner, Jonathan"]
[Black "Smirin, Ilia"]
[Result "1/2-1/2"]
[WhiteElo "2165"]
[BlackElo "2630"]
[PlyCount "61"]
[EventDate "1995.??.??"]
[EventType "swiss"]
[EventRounds "9"]
[EventCountry "ISR"]
[SourceTitle "EXT 2000"]
[Source "ChessBase"]
[SourceDate "1999.11.16"]
[SourceVersion "1"]
[SourceVersionDate "1999.11.16"]
[SourceQuality "1"]

1. e4 d6 2. d4 Nf6 3. Nc3 g6 4. Bg5 h6 5. Bh4 Bg7 6. Qd2 Nc6 7. d5 Ne5 8. f4 Ned7 9. Nf3 c6 10. 0-0-0 cxd5 11. exd5 Nc5 12. Bb5+ Bd7 13. Bxd7+ Qxd7 14. Rhe1 0-0 15. Bf2 Rac8 16. Qe2 Na4 17. Nxa4 Qxa4 18. Kb1 Qxf4 19. Qxe7 Qg4 20. Qe2 Rfe8 21. Qd3 Qxg2 22. Bxa7 Rxe1 23. Rxe1 Ng4 24. Nh4 Qxh2 25. Nxg6 fxg6 26. Qxg6 Kh8 27. Re8+ Rxe8 28. Qxe8+ Kh7 29. Qe4+ Kg8 30. Qe6+ Kh7 31. Qe4+ 1/2-1/2

[Event "Budapest FS03 IM-A"]
[Site "Budapest"]
[Date "1994.??.??"]
[Round "2"]
[White "Krizsany, Laszlo"]
[Black "Wapner, Jonathan"]
[Result "1-0"]
[WhiteElo "2385"]
[BlackElo "2155"]
[PlyCount "109"]
[EventDate "1994.03.??"]
[EventType "tourn"]
[EventRounds "11"]
[EventCountry "HUN"]
[EventCategory "3"]
[SourceTitle "EXT 1997"]
[Source "ChessBase"]
[SourceDate "1996.11.15"]
[SourceVersion "1"]
[SourceVersionDate "1996.11.15"]
[SourceQuality "1"]

1. d4 Nf6 2. c4 g6 3. Nc3 d5 4. e3 Bg7 5. Qb3 e6 6. Qa3 c6 7. Nf3 a5 8. b3 Na6 9. Bd2 Nb4 10. Rc1 0-0 11. Be2 b6 12. Na4 Na6 13. c5 bxc5 14. Nxc5 Nxc5 15. Rxc5 Qe7 16. Qa4 Ne4 17. Rxa5 Rxa5 18. Qxa5 Qb7 19. Bb4 Re8 20. a3 Bd7 21. Qa6 Qxa6 22. Bxa6 Ra8 23. Bd3 Bf8 24. Bxf8 Kxf8 25. a4 Nd6 26. Kd2 Ke7 27. h4 h5 28. Ne5 Nb7 29. Rc1 Nd8 30. f3 Kd6 31. g4 Be8 32. gxh5 gxh5 33. Rg1 c5 34. Rg8 cxd4 35. exd4 Ke7 36. Rh8 Rb8 37. Bc2 f6 38. Bg6 fxe5 39. Rxe8+ Kf6 40. Bxh5 exd4 41. f4 Kg7 42. a5 Kh6 43. Be2 Kg6 44. a6 d3 45. a7 Ra8 46. Kxd3 Kf7 47. Bh5+ Kg7 48. b4 Rxa7 49. Rxd8 Rb7 50. Kc3 Rc7+ 51. Kb3 Rc4 52. Rd7+ Kh6 53. Bf7 Rxf4 54. Bxe6 Rxh4 55. Bxd5 1-0

[Event "Berliner Sommer 12th"]
[Site "Berlin"]
[Date "1994.??.??"]
[Round "?"]
[White "Kruszynski, Wlodzimierz"]
[Black "Wapner, Jonathan"]
[Result "1-0"]
[WhiteElo "2375"]
[BlackElo "2175"]
[PlyCount "131"]
[EventDate "1994.08.??"]
[EventType "swiss"]
[EventRounds "9"]
[EventCountry "GER"]
[SourceTitle "EXT 1997"]
[Source "ChessBase"]
[SourceDate "1996.11.15"]
[SourceVersion "1"]
[SourceVersionDate "1996.11.15"]
[SourceQuality "1"]

1. e4 c5 2. Nf3 e6 3. d4 cxd4 4. Nxd4 Nf6 5. Nc3 d6 6. g4 h6 7. h4 e5 8. Bb5+ Bd7 9. Bxd7+ Qxd7 10. Nf5 Nc6 11. f3 0-0-0 12. g5 Ng8 13. Nd5 Nge7 14. Nfxe7+ Nxe7 15. gxh6 gxh6 16. Be3 Kb8 17. Qd2 Nxd5 18. Qxd5 Be7 19. 0-0-0 Qc6 20. Qxf7 Rc8 21. Rd2 Rc7 22. Qb3 Rhc8 23. h5 Qa6 24. c3 Rc5 25. Bxc5 Rxc5 26. Kb1 Bg5 27. Rd5 Rc6 28. Qb5 Qxb5 29. Rxb5 Rc8 30. Rd5 Kc7 31. Rhd1 Be7 32. Rg1 Bg5 33. Rgd1 Be7 34. Rg1 Bg5 35. Kc2 Rf8 36. Rd3 Rf4 37. Rg4 Rf6 38. Kd1 Kd7 39. Ke2 Rf8 40. Rd1 Ke6 41. Rd5 Rc8 42. Rg1 Rc6 43. Rb5 Rc7 44. a4 Kd7 45. Ra5 a6 46. Rd1 Ke6 47. Rad5 Be7 48. a5 Rc8 49. Rg1 Bg5 50. Ra1 Rg8 51. Rdd1 Kd7 52. c4 Rc8 53. b3 Ke6 54. Ra4 Rc7 55. Rb4 Bd8 56. Rg1 Bg5 57. Rb6 Rc5 58. Rd1 Rxa5 59. Rdxd6+ Ke7 60. Rg6 Ra2+ 61. Kf1 Ra1+ 62. Kg2 Ra2+ 63. Kh3 Rf2 64. Rxb7+ Kf8 65. Rxa6 Rxf3+ 66. Kg2 1-0

[Event "Budapest FS11 IM-B"]
[Site "Budapest"]
[Date "1994.??.??"]
[Round "5"]
[White "Smolovic, Mile"]
[Black "Wapner, Jonathan"]
[Result "1-0"]
[WhiteElo "2370"]
[BlackElo "2175"]
[PlyCount "85"]
[EventDate "1994.11.??"]
[EventType "tourn"]
[EventRounds "11"]
[EventCountry "HUN"]
[EventCategory "3"]
[SourceTitle "CBM 045 Extra"]
[Source "ChessBase"]
[SourceDate "1995.05.01"]
[SourceVersion "1"]
[SourceVersionDate "1995.05.01"]
[SourceQuality "1"]

1. e4 c6 2. d4 d5 3. Nc3 dxe4 4. Nxe4 Bf5 5. Ng3 Bg6 6. h4 h6 7. Nf3 Nd7 8. Bd3 Bxd3 9. Qxd3 Qc7 10. Bd2 Ngf6 11. 0-0-0 e6 12. Ne4 0-0-0 13. g3 Nxe4 14. Qxe4 Nf6 15. Qe2 Bd6 16. c4 c5 17. Bc3 Kb8 18. dxc5 Qxc5 19. Ne5 Qc7 20. Rd2 Ka8 21. Rhd1 Bxe5 22. Qxe5 Qc8 23. b3 Rxd2 24. Rxd2 Rd8 25. Qc5 Ne4 26. Rxd8 Qxd8 27. Qd4 Qxd4 28. Bxd4 h5 29. Kc2 f6 30. c5 e5 31. Kd3 f5 32. f3 Nxg3 33. Bxe5 f4 34. Bxg7 b6 35. cxb6 axb6 36. Be5 Nf5 37. Bf6 Ne3 38. Ke4 Ng2 39. Kf5 Kb7 40. Kg5 Kc6 41. Kxh5 Kd6 42. Kg6 Ne1 43. h5 1-0

[Event "Budapest FS03 IM-A"]
[Site "Budapest"]
[Date "1994.??.??"]
[Round "3"]
[White "Wapner, Jonathan"]
[Black "Hoang, Thanh Trang"]
[Result "0-1"]
[WhiteElo "2155"]
[BlackElo "2260"]
[PlyCount "80"]
[EventDate "1994.03.??"]
[EventType "tourn"]
[EventRounds "11"]
[EventCountry "HUN"]
[EventCategory "3"]
[SourceTitle "EXT 1997"]
[Source "ChessBase"]
[SourceDate "1996.11.15"]
[SourceVersion "1"]
[SourceVersionDate "1996.11.15"]
[SourceQuality "1"]

1. e4 d6 2. d4 Nf6 3. f3 c5 4. d5 g6 5. c4 Bg7 6. Nc3 0-0 7. Be3 e6 8. Qd2 exd5 9. cxd5 a6 10. 0-0-0 b5 11. h4 Nbd7 12. Bh6 Qa5 13. Kb1 b4 14. Nce2 Ne5 15. h5 c4 16. hxg6 fxg6 17. Bxg7 Kxg7 18. g4 c3 19. Qh6+ Kg8 20. Nd4 cxb2 21. Nh3 Ra7 22. Nf4 Rc7 23. Be2 Rff7 24. Ng2 Qc5 25. Qd2 Qb6 26. Ne3 Rc3 27. Kxb2 Rfc7 28. g5 Nh5 29. Rxh5 Nd3+ 30. Bxd3 Qxd4 31. Kb1 gxh5 32. Nc2 Qb6 33. Na1 Bd7 34. g6 hxg6 35. Qg5 Be8 36. Nb3 a5 37. Qd8 Rc1+ 38. Kb2 R7c2+ 39. Bxc2 Rxc2+ 40. Kxc2 Qxd8 0-1

[Event "EU-ch U14"]
[Site "Herculane"]
[Date "1994.??.??"]
[Round "6"]
[White "Wapner, Jonathan"]
[Black "Kundin, Alexander"]
[Result "1-0"]
[WhiteElo "2155"]
[BlackElo "2295"]
[PlyCount "121"]
[EventDate "1994.??.??"]
[EventType "swiss"]
[EventRounds "9"]
[EventCountry "ROU"]
[SourceTitle "TD"]
[Source "ChessBase"]
[SourceDate "1994.03.01"]
[SourceVersion "1"]
[SourceVersionDate "1994.03.01"]
[SourceQuality "1"]

1. e4 c5 2. Nf3 Nc6 3. Bb5 e6 4. 0-0 Nge7 5. b3 Nd4 6. Nxd4 cxd4 7. c3 a6 8. Bd3 Nc6 9. Bb2 Bc5 10. cxd4 Bxd4 11. Bxd4 Nxd4 12. Nc3 0-0 13. e5 d6 14. exd6 Qxd6 15. Ne4 Qe7 16. f4 Bd7 17. Ng5 h6 18. Nf3 Rfd8 19. Rc1 Bb5 20. Bxb5 axb5 21. Nxd4 Rxd4 22. Qc2 Qd6 23. Rf2 Rd8 24. g3 h5 25. Qc5 Rc4 26. Rxc4 bxc4 27. Qxd6 Rxd6 28. bxc4 Rd4 29. d3 Rxd3 30. Rb2 Rd7 31. Kf2 Rc7 32. Rb4 Kf8 33. Ke3 Rd7 34. a4 Ke7 35. c5 Kd8 36. a5 Kc8 37. Rb6 Rd5 38. c6 bxc6 39. a6 Ra5 40. Rxc6+ Kd7 41. Rb6 Ke7 42. Rb7+ Kf6 43. a7 Ra4 44. Kd3 Kg6 45. Kc3 f6 46. Kb3 Ra1 47. Kc4 e5 48. fxe5 fxe5 49. Kb5 Kf5 50. Kb6 g5 51. Rf7+ Kg4 52. Re7 Kf5 53. Re8 h4 54. gxh4 gxh4 55. a8Q Rxa8 56. Rxa8 Kg4 57. Kc5 e4 58. Kd4 Kf3 59. Ra3+ Kg2 60. h3 e3 61. Kxe3 1-0

[Event "Budapest FS03 IM-A"]
[Site "Budapest"]
[Date "1994.??.??"]
[Round "1"]
[White "Wapner, Jonathan"]
[Black "Palkovi, Jozsef"]
[Result "1/2-1/2"]
[WhiteElo "2155"]
[BlackElo "2410"]
[PlyCount "134"]
[EventDate "1994.03.??"]
[EventType "tourn"]
[EventRounds "11"]
[EventCountry "HUN"]
[EventCategory "3"]
[SourceTitle "EXT 1997"]
[Source "ChessBase"]
[SourceDate "1996.11.15"]
[SourceVersion "1"]
[SourceVersionDate "1996.11.15"]
[SourceQuality "1"]

1. e4 d5 2. exd5 Nf6 3. Bb5+ Bd7 4. Be2 Nxd5 5. d4 g6 6. Nf3 Bg7 7. 0-0 0-0 8. Re1 b5 9. Nbd2 a6 10. Nb3 Bf5 11. c3 Nd7 12. Bg5 c6 13. Qd2 Re8 14. h3 Qc7 15. a4 Rad8 16. Ra3 N5f6 17. axb5 axb5 18. Rea1 Ne4 19. Qf4 Qxf4 20. Bxf4 Be6 21. Na5 Bd5 22. Nb7 Rc8 23. Ne1 b4 24. cxb4 Bxd4 25. Nd3 Nb6 26. Be5 Bxe5 27. Nxe5 Nd6 28. Nc5 f6 29. Ra6 Rb8 30. Nf3 e5 31. Rxb6 Rxb6 32. Nd7 Reb8 33. Nxf6+ Kg7 34. Nd7 Rxb4 35. Nxb8 Rxb8 36. Nxe5 Rxb2 37. Bf3 Bxf3 38. gxf3 c5 39. Rc1 Rb5 40. Rc2 g5 41. Kg2 h5 42. Kh2 Nb7 43. Kg3 Kf6 44. f4 Kf5 45. Nc4 gxf4+ 46. Kh4 Rb3 47. Na5 Nxa5 48. Rxc5+ Ke4 49. Rxa5 Rb2 50. Ra4+ Kf3 51. Kxh5 Rxf2 52. Kg5 Kg3 53. h4 f3 54. Rg4+ Kh3 55. Rf4 Rg2+ 56. Kf5 Kg3 57. h5 Rh2 58. Rg4+ Kf2 59. Rf4 Ke3 60. Re4+ Kd3 61. Rf4 f2 62. Kg6 Rg2+ 63. Kf7 Ke3 64. Rf6 Rh2 65. Kg6 Rg2+ 66. Kf7 Rg3 67. Rxf2 Kxf2 1/2-1/2

[Event "Budapest FS11 IM-B"]
[Site "Budapest"]
[Date "1994.??.??"]
[Round "4"]
[White "Wapner, Jonathan"]
[Black "Szollosi, Laszlo Jr"]
[Result "1-0"]
[WhiteElo "2175"]
[BlackElo "2310"]
[PlyCount "79"]
[EventDate "1994.11.??"]
[EventType "tourn"]
[EventRounds "11"]
[EventCountry "HUN"]
[EventCategory "3"]
[SourceTitle "CBM 045 Extra"]
[Source "ChessBase"]
[SourceDate "1995.05.01"]
[SourceVersion "1"]
[SourceVersionDate "1995.05.01"]
[SourceQuality "1"]

1. e4 e6 2. d4 d5 3. Nc3 Nc6 4. e5 f6 5. Nf3 Bb4 6. a3 Ba5 7. b4 Bb6 8. b5 Nb8 9. Bd3 c5 10. bxc6 Nxc6 11. Nb5 a6 12. Nd6+ Kf8 13. Bb2 Bc7 14. Nxc8 Rxc8 15. 0-0 f5 16. h4 Qe8 17. a4 Bd8 18. c3 h6 19. Qd2 Qh5 20. Ba3+ Kf7 21. c4 Nge7 22. Rab1 Rc7 23. Be2 Kg8 24. Ng5 Qg6 25. Nh3 Qf7 26. Nf4 Rd7 27. cxd5 Nxd5 28. Bh5 g6 29. Nxg6 Qg7 30. Bf8 Qh7 31. Rb3 f4 32. Bd6 Rg7 33. Qd3 f3 34. Qxf3 Rf7 35. Qg4 Qg7 36. Nxh8 Kxh8 37. Qxe6 Nxd4 38. Qe8+ Kh7 39. Qxf7 Ne2+ 40. Kh1 1-0